Logo BPK

Biblioteka

Politechniki Koszalińskiej

Modelowanie pól magnetycznych i elektrycznych trójwymiarowych metodą różnic skończonych z wykorzystaniem szybkich procedur obliczeniowych / (Rekord nr 38804)

Szczegóły MARC
000 -ETYKIETA REKORDU
podpole kontrolne o stałej długości 01057nam a2200265 i 4500
001 - NUMER KONTROLNY REKORDU
pole kontrolne bg
040 ## - ŹRÓDŁO KATALOGOWANIA
Instytucja, która utworzyła rekord BPK
041 0# - KOD JĘZYKA
Kod języka tekstu pl
Kod języka streszczenia lub abstraktu ruen
080 ## - UNIWERSALNA KLASYFIKACJA DZIESIĘTNA - UKD
UKD 621.31:537.2:537.6:519.6
008 - POLE O STAŁEJ DŁUGOŚCI - DANE KONTROLNE
podpole kontrolne o stałej długości s pl f |000 0 pol
100 1# - NAZWA OSOBOWA
Nazwa osobowa ŁUKANISZYN, Marian
245 10 - TYTUŁ/ODPOWIEDZIALNOŚĆ
Tytuł Modelowanie pól magnetycznych i elektrycznych trójwymiarowych metodą różnic skończonych z wykorzystaniem szybkich procedur obliczeniowych /
Pozostałe elementy strefy tytułu i oznaczenia odpowiedzialności Marian Łukaniszyn.
260 ## - STREFA ADRESU WYDAWNICZEGO
Miejsce wydania Opole :
Nazwa wydawcy/dystrybutora WSI,
Data publikacji, dystrybucji/powstania dokumentu 1990.
300 ## - STREFA OPISU FIZYCZNEGO
Objętość 137 s. :
Inne cechy fizyczne rys., wykr. ;
Rozmiary 24 cm.
490 1# - STREFA SERII I DOKUMENTU WIELOCZĘŚCIOWEGO - FORMA NIE DO WYSZUKIWANIA
Tytuł i oznaczenie odpowiedzialności serii Studia i Monografie / Wyższa Szkoła Inżynierska w Opolu,
ISSN 0239-5991 ;
Numeracja w obrębie serii z.41
500 ## - UWAGI OGÓLNE
Tekst uwagi Streszcz. ros., ang.
504 ## - UWAGA DOTYCZĄCA BIBLIOGRAFII
Informacje o bibliografii Bibliogr. s. 121-134.
650 #9 - HASŁO PRZEDMIOTOWE W FORMIE NAZWY OGÓLNEJ LUB JEDNOSTKOWEJ
Nazwa ogólna lub geograficzna Analiza numeryczna
Określnik ogólny stosowanie
-- elektrotechnika
650 #9 - HASŁO PRZEDMIOTOWE W FORMIE NAZWY OGÓLNEJ LUB JEDNOSTKOWEJ
Nazwa ogólna lub geograficzna Elektrotechnika
Określnik ogólny urządzenia
-- teoria
650 #9 - HASŁO PRZEDMIOTOWE W FORMIE NAZWY OGÓLNEJ LUB JEDNOSTKOWEJ
Nazwa ogólna lub geograficzna Pole elektryczne
Określnik ogólny badanie
-- metody
650 #9 - HASŁO PRZEDMIOTOWE W FORMIE NAZWY OGÓLNEJ LUB JEDNOSTKOWEJ
Nazwa ogólna lub geograficzna Pole magnetyczne
Określnik ogólny badanie
-- metody
650 #9 - HASŁO PRZEDMIOTOWE W FORMIE NAZWY OGÓLNEJ LUB JEDNOSTKOWEJ
Nazwa ogólna lub geograficzna Symulacja
Określnik ogólny stosowanie
-- elektrotechnika
830 #0 - HASŁO DODATKOWE SERII LUB DOKUMENTU WIELOCZĘŚCIOWEGO - TYTUŁ UJEDNOLICONY
Tytuł ujednolicony Studia i Monografie (Wyższa Szkoła Inżynierska w Opolu) ;
Oznaczenie tomu z.41
856 ## - LOKALIZACJA I DOSTĘP DO ELEKTRONICZNYCH DOKUMENTÓW ZDALNYCH
Link (URL) http://koha.tu.koszalin.pl/cgi-bin/koha/opac-detail.pl?biblionumber=38804
Tekst linku Katalog online BPK
942 ## - DODATKOWE ELEMENTY (KOHA)
Typ dokumentu Książka
Egzemplarze
Wycofany Status egzemplarza Uszkodzony Dostępność Lokalizacja stała Lokalizacja bieżąca Miejsce przechowywania Sygnatura Kod kreskowy Typ dokumentu
      Dostępny Biblioteka Politechniki Koszalińskiej Biblioteka Politechniki Koszalińskiej Wypożyczalnia BG 57134 01537826 Książka
© 2023 Biblioteka Politechniki Koszalińskiej :: KOHA